Шепотът на сенките (Запис номер 177830)
[ съкратено ]
| 000 -Лидер | |
|---|---|
| Контролно поле с фиксирана дължина | 01416nam a2200373 c 4500 |
| 003 - Код на организацията, давaща контролен номер | |
| Контролно поле | BLK |
| 005 - Дата и час на последна редакция | |
| Контролно поле | 20250630115021.0 |
| 008 - Елементи от данни с фиксирана дължина | |
| fixed length control field | 180411b bul|||||r ||||||| ||bul|| |
| 010 ## - Наследен системен номер | |
| LC control number | KNG00186527000 |
| 020 ## - Международен стандартен номер на книга ISBN | |
| Международен стандартен номер на книга ISBN | 978-954-26-1538-5 |
| -- | издат.: Хермес |
| 040 ## - Източник на каталожния запис | |
| Идентификатор на билиотеката - собственик на записа | BLK |
| 041 ## - Код за език | |
| Код за езика на текст/звукозапис или на отделно заглавие | Български |
| Код за езика КДБФ | Български |
| 072 #7 - Код за тематичната категория | |
| Код организация | bullib |
| Код за тематична категория | Н8301 |
| Текст | Трилъри Н |
| 080 ## - УДК | |
| Текстов определител УДК | Немска литература |
| УДК код - определител по УДК | 821.112.2 |
| УДК определител | -312.4 |
| УДК - код + определител | 821.112.2-312.4 |
| 100 1# - Редна дума - Автор | |
| Автор | Зендкер, Ян-Филип |
| Авторска отговорност | първи автор |
| R(LIN) | 69633 |
| 139 ## - Редно поле | |
| Редна дума | Зендкер, Ян-Филип |
| Авторски знак | Зен - З 58 |
| 245 10 - Сведения за заглавието | |
| Заглавие | Шепотът на сенките |
| Подзаглавни данни | Роман |
| Редно поле (дума) | Ян-Филип Зендкер; прев. Нина Стоянова Руева. |
| 257 ## - Страна на издаване | |
| Страна на създаване/издаване | Германия |
| 260 ## - Област на издателските данни | |
| -- | Пловдив |
| Име на издателя, разпространителя и проч. | Хермес |
| Година на издаване | 2016 |
| Печатница | София : Алианс принт |
| 300 ## - Физическа характеристика | |
| Страници | 336 с. |
| Размери/Мащаб | 20 см |
| 380 ## - Жанр | |
| Жанр | Худож. лит. |
| 490 1# - СЕРИИ (Колекции) | |
| Име на серия | Полетът на дракона |
| №: серия | Кн. 1 |
| 500 ## - Общи забележки | |
| Забележка | Ориг. загл. Das Flustern der Schatten / Jan-Philipp Sendker. |
| 653 ## - Ключова дума – ненормативна | |
| Ключова дума | трилъри |
| 653 ## - Ключова дума – ненормативна | |
| Ключова дума | романи |
| 659 ## - Тематичен бюлетин | |
| Тематичен бюлетин | Н |
| 700 1# - Други автори (авторска отговорност) | |
| Лично име | Руева, Нина Стоянова |
| Автороска отговорност (Описва отношението между автора и произведението) | прев. |
| 9 (RLIN) | 373221 |
| 852 ## - Местоположение | |
| Форматна сигнатура | Цб 279538 |
| 856 4# - Електронен адрес и достъп | |
| Електронен формат | pdf - файл |
| Път до файла /url/ | |
| 856 4# - Електронен адрес и достъп | |
| Електронен формат | pdf - файл |
| Път до файла /url/ | |
| 942 ## - АРТИКУЛИ | |
| Вид на библиотечния материал | Книги |
| Скрит в OPAC | Не |
| Koha issues (borrowed), all copies | 40 |
| 944 ## - СЪЗДАВАНЕ И РЕДАКЦИЯ на ЗАПИСА | |
| Създаване/Редакция | Създаване |
| Дата на регистрацията/редакция | 16.02.2016 |
| Статус, дата на статуса | Цветелина Шанова |
| Служител, извършил регистрацията/редакцията | 30531 |
| 944 ## - СЪЗДАВАНЕ И РЕДАКЦИЯ на ЗАПИСА | |
| Създаване/Редакция | Редакция |
| Дата на регистрацията/редакция | 27.09.2017 |
| Статус, дата на статуса | ф / |
| Служител, извършил регистрацията/редакцията | Людмила_Стоянова |
| 999 ## - СИСТЕМНИ КОНТРОЛНИ НОМЕРА | |
| Koha biblionumber | 177830 |
| Koha biblioitemnumber | 177830 |
| Код за отписване | Код за изгубен артикул | Код за повреда | Коз за рестрикции | Код за отдаване | Артикулен № | Име на библиотеката - собственик | Име на библиотеката, в която се намира в момента | Статус (Текущо местоположение) | Дата на вписване в системата | Местоположение - отдел | Цена в лева | Инвентарен номер | Систематично азбучна сигнатура | Баркод | Номер на екземпляра | Цена в евро | Служебна бележка | Служебен тип на артикула |
|---|---|---|---|---|---|---|---|---|---|---|---|---|---|---|---|---|---|---|
| Не е изгубен | Не е повреден | без рестрикции | заемане за дома | 305475 | Регионална библиотека "Любен Каравелов" Русе | Регионална библиотека "Любен Каравелов" Русе | Заемна - подръчен фонд | 2016-02-18 | Заемна - подръчен фонд | 11.96 | 120000797907 | П 830-31/З 58 | 120000797907 | 1 | 6.12 | Дост: Pk Вид: Ф N: 610 Дата: 05.02.2016 Дата инв: 12.02.2018 Бележки инв: П2018 | Книги | |
| Не е изгубен | Не е повреден | без рестрикции | заемане за дома | 305476 | Регионална библиотека "Любен Каравелов" Русе | Регионална библиотека "Любен Каравелов" Русе | Заемна - подръчен фонд | 2016-02-18 | Заемна - подръчен фонд | 11.95 | 120000797908 | П 830-31/З 58 | 120000797908 | 2 | 6.11 | Дост: Pk Вид: Ф N: 610 Дата: 05.02.2016 Дата инв: 12.02.2018 Бележки инв: П2018 | Книги | |
| Не е изгубен | Не е повреден | без рестрикции | ползва се в читалня | 305477 | Регионална библиотека "Любен Каравелов" Русе | Регионална библиотека "Любен Каравелов" Русе | Хранилище | 2016-06-27 | Хранилище | 15.95 | 120000801575 | Цб 279538 | 120000801575 | 3 | 8.16 | Дост: Dp Вид: Д N: 21 Дата: 21.04.2016 | Книги |